000 01547naa a22003497a 4500
001 BR8400615
003 BR-BrBNA
005 20240918175419.0
007 ta
008 230509b bl.||||| |||| 00| 0 por d
040 _aBR-BrBNA
_bpor
_cBiblioteca Nacional de Agricultura
041 _a(Pt)
072 _aF00; F60
_b0240
_bG514
090 _aF00 BR8400615
100 1 _aChielle, Z.G.
100 1 _aSoares, G.J.S.
100 1 _aChielle, M.C.P.
111 1 _a1. Reuniao Tecnica Anual de Culturas Energeticas do IPAGRO
_cPorto Alegre, RS (Brazil)
_d26 Apr 1983
245 1 _aEstudo do rebroto em sorgo sacarino (Sorghum bicolor)um ensaio de epocas de semeadura [Rio Grande do Sul, Brasil]
246 1 _a[Study of resprouting in saccharine sorghum (Sorghum bicolor)in sowing period trial [Rio Grande do Sul, Brazil]]
246 1 _a[Energetic crops (sunflower, rape, cassava, saccharine sorghum, sugar beetroot)]
_bExperimental results 1982/83
260 3 _aPorto Alegre, RS (Brasil):
_c1983.
500 _aCulturas energeticas (girassol, colza, mandioca, sorgo sacarino, beterraba acucareira) Porto Alegre, RS (Brasil): 1983. p. 172-176 (BR8400615-AM)F00
650 _aSEMEADURA
650 _aREPRODUCAO VEGETAL
650 _aSORGO ACUCAREIRO
650 _aREBROTA
650 _aRIO GRANDE DO SUL
773 0 _tCulturas energeticas (girassol, colza, mandioca, sorgo sacarino, beterraba acucareira)
_b
_wF00 BR8400615
_gPorto Alegre, RS (Brasil), 1983. p. 172-176
909 _a202404
_bLucia
_c55
_dLucia Elande
942 _cAM
_2AGRIS
999 _c316579
_d316579